Fallout 4 Characters - Statistics

General Stats
  • This quiz has been taken 225 times
  • The average score is 23 of 35
Answer Stats
Hint Answer % Correct
Synth and detective Nick Valentine
97%
Your robot butler Codsworth
95%
The dog you find at Red Rocket Dogmeat
95%
Another settlement needs your help Preston Garvey
92%
Your son Shaun
90%
Male protaganist Nate
88%
Female protaganist Nora
88%
Your BoS companion Paladin Danse
88%
Super Mutant Strong
86%
Undercover member of the Railroad Deacon
84%
Mayor of Goodneighbor John Hancock
84%
Irish cage fighter Cait
81%
Killed your wife Conrad Kellogg
81%
Robot who can give a body found at Vault 81 Curie
81%
Older woman who has a ability called the Sight Mama Murphy
79%
Super Mutant living in the Glowing Sea Virgil
73%
Leader of the Railroad Desdemona
72%
Leader of the BoS Elder Maxson
72%
Mechanic of the Minutemen Sturges
68%
Mercenary found in Goodneighbor Robert MacCready
66%
Mechanic of the Railroad Tinker Tom
58%
Griever asian father of the Minutemen Jun Long
57%
Reporter of Diamond City Piper Wright
56%
Wife of the above and she is always mean Marcy Long
55%
Sells you a spot in the Vault 111 and can be found later on as a ghoul Vault Tec Rep
51%
She gets you in the memories of Kellogg Dr. Amari
45%
Delivery boy of the Railroad Drummer Boy
45%
Runaway Synth at Railroad with a minigun Glory
44%
Mayor of Diamond City Mayor McDonough
44%
Member of the BoS found at the Cambridge Police Station Scribe Haylen
40%
Annoying member of the BoS Knight Rhys
38%
Minutemen who joins you at the Castle Ronnie Shaw
30%
Bodyguard of Goodneighbor Fahrenheit
29%
Singer at Goodneighbor Magnolia
29%
Can be found in Goodneighbor chilling on a couch Irma
18%
No matching quizzes found
Score Distribution
Percent of People with Each Score
Percentile by Number Answered
Your Score History
You have not taken this quiz